000 00566nam a2200181 4500
001 112068
003 ES-MaACL
005 20230906185427.0
007 t|
008 061121s1973 sp r ||||1| spa d
100 1 _aNicolaievsky, Boris.
_985556
245 1 3 _aLa vida de Carlos Marx /
_cBoris Nicolaievski y Otto Maenchen-Helfen; [traducción de Marcial Suárez].
260 _aMadrid :
_bAyuso,
_c1973.
300 _a508 p. ;
_c21 cm.
700 1 _aMaenchen-Helfen, Otto.
_975378
700 0 _aSuárez, Marcial.
_9108573
852 _aES-MaACL
_jC-55481
_bR.88129
999 _c112068
_d112068